| 000 | 00457nam a2200169Ia 4500 | ||
|---|---|---|---|
| 003 | GCL | ||
| 008 | 140319s9999 xx 000 0 eng d | ||
| 040 |
_aGCL / _cGCL |
||
| 082 | 0 | 4 |
_a363.7288 _bSB |
| 100 | 1 | _aSADDLER, J.N. | |
| 245 | 1 | 0 |
_aBIO CONVERSION OF FOREST AND AGRICULTURAL PLANT RESDUES / _cSADDLER, J.N. |
| 260 |
_a[S.N] : _bC. A. B INTERNATIONAL ، _c1993 |
||
| 300 | _a349 P | ||
| 650 | 0 | 4 | _aAGRICULTURE |
| 650 | 0 | 4 | _aFORESTS |
| 942 |
_2ddc _cBK |
||
| 999 |
_c10402 _d10402 |
||